000 00583cam a22002053a 4500
001 44585
003 PGUSA
005 20140828084022.0
008 140104s2014||||xxu|||||s|||||000 | eng d
040 _aPGUSA
_beng
042 _adc
245 1 4 _aThe Boy Mechanic, Book 2
_h[electronic resource] /
_cVarious
260 _bProject Gutenberg,
_c2014
506 _aPublic domain in the USA.
516 _aElectronic text
700 1 _aWindsor, H. H.
_q(Henry Haven),
_d1859-1924
830 0 _aProject Gutenberg
_v44585
856 4 0 _uhttp://www.gutenberg.org/ebooks/44585
942 _cEB
999 _c273836
_d273836